Using SPSS for social statistics and research methods / (Record no. 11436)
[ view plain ]
| 000 -LEADER | |
|---|---|
| fixed length control field | 03158cam a22003254a 4500 |
| 001 - CONTROL NUMBER | |
| control field | 14280969 |
| 005 - DATE AND TIME OF LATEST TRANSACTION | |
| control field | 20061124112644.0 |
| 008 - FIXED-LENGTH DATA ELEMENTS--GENERAL INFORMATION | |
| fixed length control field | 060228s2007 caua 000 0 eng |
| 010 ## - LIBRARY OF CONGRESS CONTROL NUMBER | |
| LC control number | 2006007208 |
| 015 ## - NATIONAL BIBLIOGRAPHY NUMBER | |
| National bibliography number | GBA665152 |
| Source | bnb |
| 016 7# - NATIONAL BIBLIOGRAPHIC AGENCY CONTROL NUMBER | |
| Record control number | 013517701 |
| Source | Uk |
| 020 ## - INTERNATIONAL STANDARD BOOK NUMBER | |
| International Standard Book Number | 141294077X (pbk.) |
| 035 ## - SYSTEM CONTROL NUMBER | |
| System control number | (OCoLC)ocm64486887 |
| 040 ## - CATALOGING SOURCE | |
| Original cataloging agency | DLC |
| Transcribing agency | DLC |
| Modifying agency | BAKER |
| -- | UKM |
| -- | C#P |
| -- | YDXCP |
| -- | OCLCQ |
| -- | DLC |
| 042 ## - AUTHENTICATION CODE | |
| Authentication code | pcc |
| 050 00 - LIBRARY OF CONGRESS CALL NUMBER | |
| Classification number | HA32 |
| Item number | .W34 2007 |
| 082 00 - DEWEY DECIMAL CLASSIFICATION NUMBER | |
| Classification number | 300.727 |
| Edition number | 22 |
| Item number | WAG |
| 100 1# - MAIN ENTRY--PERSONAL NAME | |
| Personal name | Wagner, William E. |
| Fuller form of name | (William Edward) |
| 9 (RLIN) | 4321 |
| 245 10 - TITLE STATEMENT | |
| Title | Using SPSS for social statistics and research methods / |
| Statement of responsibility, etc | William E. Wagner III. |
| 260 ## - PUBLICATION, DISTRIBUTION, ETC. (IMPRINT) | |
| Place of publication, distribution, etc | Thousand Oaks, Calif. : |
| Name of publisher, distributor, etc | Pine Forge Press, 2007 |
| Date of publication, distribution, etc | c2007. |
| 300 ## - PHYSICAL DESCRIPTION | |
| Extent | ix, 101 p. : |
| Other physical details | ill. ; |
| Dimensions | 23 cm. |
| 505 0# - FORMATTED CONTENTS NOTE | |
| Formatted contents note | Overview -- Opening existing data files -- Importing data from non-SPSS file formats -- Opening previously created output files -- Saving files -- Creating new SPSS data files -- Creating and editing SPSS output files -- Preferences: getting started -- Measurement of variables using SPSS -- Transforming variables -- Recoding and computing variables --Recoding variables -- Computing variables -- Using the count function -- Computing an index using mean -- Multiple response -- Organization and presentation of information -- Measures of central tendency and variability -- Frequency distributions -- Charts and graphs -- Boxplot -- Scatterplot -- Histogram -- Bar graph -- Pie chart -- Alternate methods of creating charts and graphs -- Cross-tabulation and measures of association for nominal and ordinal variables -- Bivariate analysis -- Adding another variable or dimension to the analysis -- Measures of association for nominal and ordinal variables -- Lambda -- Gamma and Somers' d -- Correlate and regression analysis -- Bivariate regression -- Correlation -- Multiple regression -- Selecting and sampling cases -- Targeted selection -- Random selection -- Selecting cases for inclusion in a new dataset -- Testing hypotheses using means and cross-tabulation -- Comparing means -- Comparing means: paired-samples t-test -- Comparing means: independent-samples t-test -- Chi-square -- Analysis of variance -- One-way Anova -- Anova in regression -- Editing output -- Editing basic tables -- Copying to Microsoft Word -- Exporting output -- Editing charts and graphs -- Advanced applications -- Merging data from multiple files -- Opening previously created syntax files -- Creating new SPSS syntax files. |
| 630 00 - SUBJECT ADDED ENTRY--UNIFORM TITLE | |
| Uniform title | SPSS for Windows. |
| 9 (RLIN) | 4322 |
| 650 #0 - SUBJECT ADDED ENTRY--TOPICAL TERM | |
| Topical term or geographic name as entry element | Social sciences |
| General subdivision | Statistical methods. |
| 9 (RLIN) | 4323 |
| 856 41 - ELECTRONIC LOCATION AND ACCESS | |
| Materials specified | Table of contents only |
| Uniform Resource Identifier | <a href="http://www.loc.gov/catdir/enhancements/fy0658/2006007208-t.html">http://www.loc.gov/catdir/enhancements/fy0658/2006007208-t.html</a> |
| 856 42 - ELECTRONIC LOCATION AND ACCESS | |
| Materials specified | Publisher description |
| Uniform Resource Identifier | <a href="http://www.loc.gov/catdir/enhancements/fy0701/2006007208-d.html">http://www.loc.gov/catdir/enhancements/fy0701/2006007208-d.html</a> |
| 942 ## - ADDED ENTRY ELEMENTS (KOHA) | |
| Source of classification or shelving scheme | Dewey Decimal Classification |
| Item type | Book - Borrowing |
| Withdrawn status | Item status | Source of classification or shelving scheme | Damaged status | Not for loan | Vendor | Home library | Current library | Shelving location | Date acquired | Source of acquisition | Cost, normal purchase price | Serial Enumeration / chronology | Total Checkouts | Total Renewals | Full call number | Barcode | Date last seen | Date last borrowed | Koha item type |
|---|---|---|---|---|---|---|---|---|---|---|---|---|---|---|---|---|---|---|---|
| Dewey Decimal Classification | Baccah | Central Library | Central Library | First floor | 26/04/2009 | 155.88 | 7072 | 4 | 19 | 300.727 WAG | 000016017 | 15/07/2025 | 22/04/2019 | Book - Borrowing |